[Event "20. Int. Boeblinger Open"]
[Site "Boeblingen"]
[Date "2003.12.27"]
[Round "3"]
[White "Hoffmann, Michael"]
[Black "Rombach, Michael"]
[Result "1-0"]
[WhiteElo "2430"]
[BlackElo "2031"]
[PlyCount "71"]
[EventDate "2003.??.??"]

1. e4 c5 2. Nf3 e6 3. d4 cxd4 4. Nxd4 Nf6 5. Nc3 d6 6. g4 Be7 7. g5 Nfd7 8. h4
a6 9. Be3 b5 10. a3 Qc7 11. h5 Nc6 12. Nxc6 Qxc6 13. Qd4 e5 14. Qd2 f5 15. gxf6
Nxf6 16. O-O-O Bg4 17. Be2 Bxe2 18. Qxe2 O-O 19. Bg5 Rab8 20. h6 g6 21. Bxf6
Bxf6 22. Nd5 Bg5+ 23. Kb1 Qd7 24. Rd3 Kh8 25. Rg3 Bf4 26. Rc3 Rfc8 27. Rxc8+
Qxc8 28. Nxf4 exf4 29. Qd2 Qf8 30. Rh4 Re8 31. Rxf4 Qxh6 32. Qxd6 Qg7 33. Qxa6
Qe5 34. Rf7 Re7 35. Qc8+ Re8 36. Rf8+ 1-0

[Event "20. Int. Boeblinger Open"]
[Site "Boeblingen"]
[Date "2003.12.28"]
[Round "4"]
[White "Grooten, Herman"]
[Black "Baklan, Vladimir"]
[Result "0-1"]
[WhiteElo "2390"]
[BlackElo "2600"]
[PlyCount "68"]
[EventDate "2003.??.??"]

1. d4 Nf6 2. c4 e6 3. Nf3 b6 4. a3 Bb7 5. Nc3 g6 6. d5 exd5 7. cxd5 Bg7 8. g3
O-O 9. Bg2 Na6 10. Nd4 Re8 11. b4 c5 12. dxc6 dxc6 13. Bb2 Qc8 14. O-O Rd8 15.
Na4 c5 16. Bxb7 Qxb7 17. bxc5 Nxc5 18. Rc1 Nfe4 19. Rc4 Qd5 20. Rb4 Na6 21. Rb5
Qd7 22. e3 Nd2 23. Re1 Bxd4 24. exd4 Qxb5 25. Qxd2 Qxa4 26. d5 Re8 27. Rf1 f6
28. Bxf6 Nc5 29. d6 Re6 30. Ba1 Rf8 31. Qc3 Rff6 32. Qc1 Rxd6 33. Re1 Rfe6 34.
Rxe6 Rd1+ 0-1

[Event "20. Int. Boeblinger Open"]
[Site "Boeblingen"]
[Date "2003.12.28"]
[Round "4"]
[White "Rau, Hannes"]
[Black "Korneev, Oleg"]
[Result "0-1"]
[WhiteElo "2372"]
[BlackElo "2559"]
[PlyCount "76"]
[EventDate "2003.??.??"]

1. d4 d5 2. c4 e6 3. Nc3 Be7 4. Nf3 Nf6 5. Bg5 h6 6. Bh4 O-O 7. e3 b6 8. cxd5
Nxd5 9. Bxe7 Qxe7 10. Nxd5 exd5 11. Bd3 c5 12. Rc1 c4 13. Bb1 Qb4+ 14. Qd2
Qxd2+ 15. Kxd2 b5 16. Ne5 Nd7 17. Nxd7 Bxd7 18. f3 f5 19. Rhf1 b4 20. h3 a5 21.
g4 Ra6 22. gxf5 Bxf5 23. Bxf5 Rxf5 24. e4 Rg5 25. Ke3 Rc6 26. exd5 Rc8 27. Rc2
Rxd5 28. Ke4 Rh5 29. d5 Re8+ 30. Kd4 Rd8 31. Kxc4 Rc8+ 32. Kd3 Rxd5+ 33. Ke4
Rxc2 34. Kxd5 Rxb2 35. Ra1 a4 36. Kc4 a3 37. Rd1 Rxa2 38. Kxb4 Rf2 0-1

[Event "20. Int. Boeblinger Open"]
[Site "Boeblingen"]
[Date "2003.12.28"]
[Round "4"]
[White "Wippermann, Till"]
[Black "Ovsejevitsch, Sergei"]
[Result "1/2-1/2"]
[WhiteElo "2353"]
[BlackElo "2510"]
[PlyCount "82"]
[EventDate "2003.??.??"]

1. e4 c5 2. Nc3 Nc6 3. f4 e6 4. Nf3 Nf6 5. e5 Nd5 6. Nxd5 exd5 7. Bb5 c4 8. b3
a6 9. Bxc6 dxc6 10. O-O Be7 11. Bb2 O-O 12. Kh1 c5 13. d4 cxd3 14. Qxd3 g6 15.
Rad1 Be6 16. Qe2 Qc7 17. Qe1 Rad8 18. Nh4 Qc8 19. f5 gxf5 20. Rd3 d4 21. Rdf3
f6 22. Nxf5 Bxf5 23. Rxf5 Qe6 24. Qg3+ Kh8 25. exf6 Rxf6 26. Rxf6 Bxf6 27. Re1
Qf5 28. Qd3 Qxd3 29. cxd3 Kg7 30. g3 Kf7 31. Kg2 a5 32. a4 b5 33. Ba3 bxa4 34.
bxa4 Rb8 35. Bxc5 Rb3 36. Rd1 Rb2+ 37. Kf3 Rxh2 38. Bb6 Ra2 39. Bxa5 Rxa4 40.
Bc7 Ra2 41. Bf4 h5 1/2-1/2

[Event "20. Int. Boeblinger Open"]
[Site "Boeblingen"]
[Date "2003.12.28"]
[Round "4"]
[White "Meijers, Viesturs"]
[Black "Schneider, Ilja"]
[Result "1/2-1/2"]
[WhiteElo "2499"]
[BlackElo "2316"]
[PlyCount "100"]
[EventDate "2003.??.??"]

1. e4 c5 2. Nf3 Nc6 3. d4 cxd4 4. Nxd4 Nf6 5. Nc3 e5 6. Ndb5 d6 7. Bg5 a6 8.
Na3 b5 9. Nd5 Be7 10. Bxf6 Bxf6 11. c3 Ne7 12. Nc2 Nxd5 13. Qxd5 Rb8 14. Nb4
Bb7 15. Qd3 O-O 16. Be2 a5 17. Nd5 b4 18. Nxf6+ Qxf6 19. c4 Qh4 20. g4 f5 21.
Qg3 Qh6 22. gxf5 Bxe4 23. Bf3 Bxf3 24. Qxf3 Qg5 25. Rd1 Rxf5 26. h4 Qg6 27. h5
Qg5 28. Qg3 Qxg3 29. fxg3 b3 30. a3 Rc8 31. Rh4 Rf6 32. Rd5 Rc5 33. Ke2 Kf7 34.
Rd3 a4 35. Re4 Ke6 36. Rd5 Rf5 37. g4 Rf4 38. Rexe5+ dxe5 39. Rxc5 Rxg4 40. Kd3
Kf5 41. Kc3 Kf4 42. Rc7 Rg2 43. Kb4 e4 44. c5 Rxb2 45. Kxa4 e3 46. c6 e2 47.
Rf7+ Kg3 48. Rxg7+ Kf2 49. Rf7+ Kg2 50. Re7 Kf2 1/2-1/2

[Event "20. Int. Boeblinger Open"]
[Site "Boeblingen"]
[Date "2003.12.28"]
[Round "4"]
[White "Seel, Christian"]
[Black "Farago, Ivan"]
[Result "1/2-1/2"]
[WhiteElo "2315"]
[BlackElo "2485"]
[PlyCount "97"]
[EventDate "2003.??.??"]

1. Nf3 Nf6 2. c4 c5 3. Nc3 Nc6 4. g3 d5 5. d4 e6 6. cxd5 Nxd5 7. Bg2 Be7 8. O-O
O-O 9. Nxd5 exd5 10. Be3 c4 11. b3 cxb3 12. Qxb3 Na5 13. Qd3 Nc4 14. Ne5 Nxe3
15. Qxe3 Qd6 16. Qb3 Rd8 17. e4 Qa3 18. exd5 Qxb3 19. axb3 Bd6 20. Nc4 a6 21.
Rfc1 Bf8 22. Nb6 Rb8 23. Nxc8 Rbxc8 24. Rxc8 Rxc8 25. d6 Rd8 26. Bxb7 Rxd6 27.
Bxa6 Rxd4 28. Bc4 Rd7 29. Ra8 g6 30. b4 Rc7 31. Bd5 Rd7 32. Bc6 Rd1+ 33. Kg2
Kg7 34. b5 Bc5 35. Ra2 Rb1 36. h4 h5 37. Rc2 Bb6 38. Kf3 Rb4 39. Rd2 Rd4 40.
Rb2 f6 41. Re2 g5 42. Re7+ Kf8 43. Re8+ Kg7 44. Rb8 Bc5 45. hxg5 fxg5 46. b6
Rd2 47. b7 Rxf2+ 48. Ke4 Bd6 49. Rd8 1/2-1/2

[Event "20. Int. Boeblinger Open"]
[Site "Boeblingen"]
[Date "2003.12.28"]
[Round "4"]
[White "Siebrecht, Sebastian"]
[Black "Konson, Konstantin"]
[Result "1-0"]
[WhiteElo "2435"]
[BlackElo "2251"]
[PlyCount "35"]
[EventDate "2003.??.??"]

1. d4 Nf6 2. Nf3 e6 3. Bg5 h6 4. Bh4 c5 5. e3 Qb6 6. Qc1 Nc6 7. c3 g5 8. Bg3
Ne4 9. Nbd2 Nxg3 10. hxg3 cxd4 11. exd4 Bg7 12. Nc4 Qc7 13. Qe3 d5 14. Nce5
Nxe5 15. Nxe5 Bd7 16. f4 gxf4 17. gxf4 Ba4 18. Nd3 {Handy klingelte!} 1-0

[Event "20. Int. Boeblinger Open"]
[Site "Boeblingen"]
[Date "2003.12.28"]
[Round "4"]
[White "Weise, Martin"]
[Black "Gaponenko, Inna"]
[Result "0-1"]
[WhiteElo "2162"]
[BlackElo "2409"]
[PlyCount "54"]
[EventDate "2003.??.??"]

1. e4 c5 2. Nf3 d6 3. c3 Nf6 4. Be2 g6 5. O-O Bg7 6. Re1 O-O 7. Bf1 Bg4 8. d3
Nc6 9. h3 Bxf3 10. Qxf3 Nd7 11. Nd2 b5 12. Qd1 b4 13. c4 a5 14. f4 a4 15. Rb1
Nd4 16. Nf3 b3 17. axb3 axb3 18. Nxd4 Bxd4+ 19. Be3 Qb6 20. Bxd4 cxd4 21. e5
dxe5 22. fxe5 Ra5 23. e6 fxe6 24. Qd2 Raf5 25. Re2 Qd6 26. g4 Rf3 27. Bg2 Qg3
0-1

[Event "20. Int. Boeblinger Open"]
[Site "Boeblingen"]
[Date "2003.12.28"]
[Round "4"]
[White "Souleidis, Georgios"]
[Black "Schwarz, Arnd-R\/diger"]
[Result "1/2-1/2"]
[WhiteElo "2401"]
[BlackElo "2128"]
[PlyCount "74"]
[EventDate "2003.??.??"]

1. e4 c6 2. d4 d5 3. e5 Bf5 4. Nc3 a6 5. Be3 e6 6. g4 Bg6 7. Nge2 h6 8. Bg2 Nd7
9. Nf4 Bh7 10. Qe2 Ne7 11. O-O-O b5 12. Nd3 Qa5 13. Bd2 Qb6 14. Qe3 Rd8 15. f4
Bxd3 16. cxd3 b4 17. Ne2 c5 18. dxc5 Nxc5 19. Kb1 Qb5 20. Be1 Nc6 21. Bh4 g5
22. fxg5 Be7 23. Rhf1 Rg8 24. g6 Rxg6 25. Bxe7 Kxe7 26. d4 Na4 27. Qf2 Rf8 28.
Qh4+ Ke8 29. Nf4 Nc3+ 30. bxc3 bxc3+ 31. Kc2 Qb2+ 32. Kd3 c2 33. Rc1 Nb4+ 34.
Ke2 Qxd4 35. Kf3 Qe4+ 36. Kg3 Qxe5 37. Rfe1 Qc3+ 1/2-1/2

[Event "20. Int. Boeblinger Open"]
[Site "Boeblingen"]
[Date "2003.12.28"]
[Round "4"]
[White "Zaitsev, Mikhail"]
[Black "Brem, Stephan"]
[Result "1-0"]
[WhiteElo "2467"]
[BlackElo "2171"]
[PlyCount "35"]
[EventDate "2003.??.??"]

1. e4 c5 2. c3 e6 3. d4 d5 4. e5 Nc6 5. Nf3 cxd4 6. cxd4 f5 7. Nc3 Qb6 8. Bd3
Bd7 9. O-O Nxd4 10. Nxd4 Qxd4 11. Nb5 Qb6 12. Be3 Qa5 13. Qb3 Bc6 14. Nd4 Rc8
15. Nxe6 Ne7 16. Rfc1 h6 17. Rc5 Qa4 18. Rxc6 1-0

[Event "20. Int. Boeblinger Open"]
[Site "Boeblingen"]
[Date "2003.12.28"]
[Round "4"]
[White "Hoffmann, Hans"]
[Black "Hoffmann, Michael"]
[Result "0-1"]
[WhiteElo "2194"]
[BlackElo "2430"]
[PlyCount "94"]
[EventDate "2003.??.??"]

1. e4 c5 2. Nc3 Nc6 3. g3 g6 4. Bg2 Bg7 5. d3 d6 6. f4 e6 7. Nf3 Nge7 8. O-O
O-O 9. Be3 Nd4 10. Qd2 Rb8 11. Nd1 b5 12. c3 Nxf3+ 13. Bxf3 b4 14. d4 Ba6 15.
Re1 bxc3 16. bxc3 cxd4 17. Bxd4 Nc6 18. Bxg7 Kxg7 19. Ne3 Qb6 20. Kh1 Rfd8 21.
f5 Ne5 22. Ng4 Nxg4 23. Bxg4 exf5 24. Bf3 fxe4 25. Bxe4 d5 26. Bg2 d4 27. cxd4
Rxd4 28. Qe3 Qf6 29. Rad1 Rxd1 30. Rxd1 Rb2 31. Qxa7 Be2 32. Rg1 Bf3 33. h3
Rxg2 34. Rxg2 Qb2 35. Qg1 Qxa2 36. Qd4+ f6 37. Qg1 Kf7 38. Kh2 Bxg2 39. Qxg2
Qxg2+ 40. Kxg2 Ke6 41. Kf3 Ke5 42. Ke3 f5 43. h4 h5 44. Kf3 f4 45. gxf4+ Kf5
46. Kg3 Ke4 47. f5 gxf5 0-1

[Event "20. Int. Boeblinger Open"]
[Site "Boeblingen"]
[Date "2003.12.28"]
[Round "4"]
[White "Bauer, Peter"]
[Black "Samu, Sorin"]
[Result "1-0"]
[WhiteElo "2251"]
[BlackElo "2126"]
[PlyCount "87"]
[EventDate "2003.??.??"]

1. e4 Nc6 2. Nf3 g6 3. Nc3 Bg7 4. d4 d6 5. h3 e5 6. d5 Nce7 7. Bb5+ Bd7 8. Qe2
a6 9. Bxd7+ Qxd7 10. g4 Nf6 11. Bg5 h6 12. Be3 g5 13. O-O-O Ng6 14. Qd3 b5 15.
Ne2 b4 16. Ng3 Qa4 17. Nf5 Bf8 18. Kb1 Ne7 19. Ng3 Ng6 20. Qc4 Kd8 21. Rd3 Rb8
22. Ra3 Qb5 23. Qxb5 axb5 24. Rb3 c5 25. dxc6 Kc7 26. Rxb4 d5 27. Rb3 d4 28.
Nxd4 exd4 29. Bxd4 Nxe4 30. Nxe4 Rg8 31. Nf6 Bg7 32. Nxg8 Bxd4 33. Nxh6 f6 34.
Rd1 Be5 35. Nf7 Bf4 36. Rc3 Nf8 37. Rc5 Re8 38. Rxb5 Kxc6 39. Rb3 Re2 40. a4
Ne6 41. Nd8+ Nxd8 42. Rxd8 Rxf2 43. a5 Bc7 44. Rc3+ 1-0

[Event "20. Int. Boeblinger Open"]
[Site "Boeblingen"]
[Date "2003.12.28"]
[Round "4"]
[White "Riedel, Holger"]
[Black "Konik, Michael"]
[Result "1-0"]
[WhiteElo "2236"]
[BlackElo "2069"]
[PlyCount "61"]
[EventDate "2003.??.??"]

1. d4 d5 2. c4 c6 3. Nf3 Nf6 4. Nc3 e6 5. e3 Nbd7 6. Bd3 dxc4 7. Bxc4 b5 8. Be2
Bb7 9. e4 a6 10. e5 Nd5 11. Nxd5 cxd5 12. O-O Be7 13. Bd3 O-O 14. h4 f6 15.
exf6 gxf6 16. Re1 Qb6 17. Bf5 exf5 18. Rxe7 Rf7 19. Qe2 Qd6 20. Re6 Qb4 21. Bh6
Nf8 22. Re3 Rc8 23. Re1 Bc6 24. h5 Bd7 25. Re7 Qd6 26. Qe3 Rc6 27. Bxf8 Kxf8
28. Qh6+ Kg8 29. Rxf7 Kxf7 30. Qxh7+ Kf8 31. h6 1-0

[Event "20. Int. Boeblinger Open"]
[Site "Boeblingen"]
[Date "2003.12.28"]
[Round "5"]
[White "Korneev, Oleg"]
[Black "Roos, Michael"]
[Result "1-0"]
[WhiteElo "2559"]
[BlackElo "2411"]
[PlyCount "97"]
[EventDate "2003.??.??"]

1. e4 c6 2. d4 d5 3. Nc3 dxe4 4. Nxe4 Bf5 5. Ng3 Bg6 6. h4 h6 7. Nf3 Nd7 8. h5
Bh7 9. Bd3 Bxd3 10. Qxd3 e6 11. Bf4 Ngf6 12. O-O-O Be7 13. Ne4 Nxe4 14. Qxe4
Nf6 15. Qe2 Qd5 16. c4 Qf5 17. Qe5 Qxe5 18. Nxe5 Bd6 19. f3 Rd8 20. g4 Nd7 21.
Kc2 Nxe5 22. dxe5 Bc5 23. b4 Bxb4 24. Rxd8+ Kxd8 25. Rb1 a5 26. a3 Bxa3 27.
Rxb7 Kc8 28. Ra7 Rd8 29. Rxa5 Be7 30. Ra7 Re8 31. Be3 c5 32. Ra5 Kb7 33. Bxc5
Bxc5 34. Rxc5 Ra8 35. Rb5+ Kc6 36. Kd3 Ra3+ 37. Ke4 Ra4 38. Rb8 Rxc4+ 39. Kd3
Ra4 40. Rf8 Ra7 41. Ke4 Ra4+ 42. Ke3 Ra7 43. Kf4 Ra4+ 44. Kg3 Ra7 45. Rg8 Kd5
46. Rxg7 Kxe5 47. g5 hxg5 48. h6 Kf6 49. Rg8 1-0

[Event "20. Int. Boeblinger Open"]
[Site "Boeblingen"]
[Date "2003.12.28"]
[Round "5"]
[White "Ovsejevitsch, Sergei"]
[Black "Seel, Christian"]
[Result "1-0"]
[WhiteElo "2510"]
[BlackElo "2315"]
[PlyCount "65"]
[EventDate "2003.??.??"]

1. d4 Nf6 2. c4 g6 3. Nc3 d5 4. Nf3 Bg7 5. e3 O-O 6. Qb3 c6 7. Be2 Qb6 8. O-O
Be6 9. h3 Nbd7 10. Bd2 h6 11. Rfc1 Rfc8 12. Qa4 Qd8 13. cxd5 cxd5 14. Be1 Ne8
15. Bd3 Nd6 16. Ne2 Nc4 17. Rab1 g5 18. Qd1 Nf6 19. Ng3 Qd7 20. Bxc4 dxc4 21.
e4 Qb5 22. d5 Bd7 23. Bc3 Qa4 24. Qd2 Rd8 25. h4 g4 26. Ne5 b5 27. Nxd7 Rxd7
28. Bxf6 Bxf6 29. Qxh6 Qxa2 30. e5 Bh8 31. Qg5+ Kf8 32. Qh5 Bg7 33. e6 1-0

[Event "20. Int. Boeblinger Open"]
[Site "Boeblingen"]
[Date "2003.12.28"]
[Round "5"]
[White "Vujic, Branimir"]
[Black "Meijers, Viesturs"]
[Result "1-0"]
[WhiteElo "2279"]
[BlackElo "2499"]
[PlyCount "69"]
[EventDate "2003.??.??"]

1. d4 Nf6 2. Bf4 e6 3. e3 b6 4. Nd2 Bb7 5. Ngf3 d5 6. Ne5 Ne4 7. Nxe4 dxe4 8.
Qh5 Qe7 9. O-O-O g6 10. Qh3 a6 11. f3 exf3 12. gxf3 Bg7 13. Qg3 Nd7 14. Nxd7
Qxd7 15. Bxc7 Qd5 16. Bxb6 Qxa2 17. Bc5 Rc8 18. b4 Bf8 19. Bd3 Bxc5 20. bxc5
O-O 21. Kd2 Qa5+ 22. Ke2 Qc3 23. Rb1 Bd5 24. Qe1 Qxe1+ 25. Rhxe1 a5 26. e4 Bc6
27. Bb5 Rfd8 28. c3 f5 29. Bxc6 Rxc6 30. Rb6 Rdc8 31. Kd3 a4 32. exf5 exf5 33.
Rxc6 Rxc6 34. Re8+ Kf7 35. Ra8 1-0

[Event "20. Int. Boeblinger Open"]
[Site "Boeblingen"]
[Date "2003.12.28"]
[Round "5"]
[White "Hoffmann, Michael"]
[Black "Bauer, Peter"]
[Result "1-0"]
[WhiteElo "2430"]
[BlackElo "2251"]
[PlyCount "79"]
[EventDate "2003.??.??"]

1. e4 c5 2. Nf3 d6 3. d4 cxd4 4. Nxd4 Nf6 5. Nc3 g6 6. Be3 Bg7 7. f3 Nc6 8. Qd2
O-O 9. Bc4 Bd7 10. O-O-O Rc8 11. Bb3 Ne5 12. Kb1 b5 13. Ncxb5 Rb8 14. Nc3 Qc7
15. Bh6 Nc4 16. Bxc4 Bxh6 17. Qxh6 Qxc4 18. Nde2 Qb4 19. b3 Rfc8 20. Qe3 Rb7
21. Rd4 Qc5 22. g4 Bb5 23. Qd2 h6 24. h4 Rb6 25. g5 Nd7 26. Rd5 Qc6 27. Nxb5
Rxb5 28. h5 Ne5 29. Rxb5 Qxb5 30. hxg6 fxg6 31. Nd4 Nc4 32. Qd3 Qb4 33. Nc6
Na3+ 34. Kb2 Nc4+ 35. Qxc4+ Qxc4 36. Nxe7+ Kf7 37. bxc4 Kxe7 38. Rxh6 Rxc4 39.
Rxg6 a5 40. Rf6 1-0

[Event "20. Int. Boeblinger Open"]
[Site "Boeblingen"]
[Date "2003.12.28"]
[Round "5"]
[White "Schuurman, Petra"]
[Black "Souleidis, Georgios"]
[Result "1/2-1/2"]
[WhiteElo "2263"]
[BlackElo "2401"]
[PlyCount "43"]
[EventDate "2003.??.??"]

1. d4 d5 2. c4 Nc6 3. cxd5 Qxd5 4. e3 e5 5. Nc3 Bb4 6. Bd2 Bxc3 7. Bxc3 exd4 8.
Ne2 Nf6 9. Nxd4 O-O 10. Be2 Ne4 11. O-O Nxc3 12. bxc3 Nxd4 13. cxd4 c6 14. Bf3
Qd6 15. Qb3 Rb8 16. Rfd1 g6 17. Rac1 Be6 18. d5 cxd5 19. Bxd5 Bxd5 20. Rxd5 Qf6
21. Rcd1 Rfd8 22. h3 1/2-1/2

[Event "20. Int. Boeblinger Open"]
[Site "Boeblingen"]
[Date "2003.12.28"]
[Round "5"]
[White "Schwarz, Arnd-Ruediger"]
[Black "Wippermann, Till"]
[Result "0-1"]
[WhiteElo "2128"]
[BlackElo "2353"]
[PlyCount "68"]
[EventDate "2003.??.??"]

1. Nf3 c5 2. g3 g6 3. Bg2 Bg7 4. d4 cxd4 5. Nxd4 Nc6 6. Nb3 Nf6 7. Nc3 O-O 8.
O-O d6 9. h3 Be6 10. e4 a5 11. a4 Nb4 12. Nd4 Bc4 13. Re1 Rc8 14. Be3 e5 15.
Nb3 Re8 16. Rc1 d5 17. exd5 Nfxd5 18. Nxd5 Nxd5 19. Bd2 b6 20. h4 Qd7 21. Na1
Ne7 22. Be3 Qc7 23. b3 Rcd8 24. Qg4 Be6 25. Qe2 Nd5 26. c4 Nb4 27. Rcd1 Bf5 28.
Rxd8 Rxd8 29. g4 Bd3 30. Qf3 e4 31. Qf4 Be5 32. Qg5 f6 33. Qh6 Re8 34. Bd2 Qd7
0-1

[Event "20. Int. Boeblinger Open"]
[Site "Boeblingen"]
[Date "2003.12.28"]
[Round "5"]
[White "Schneider, Ilja"]
[Black "Riedel, Holger"]
[Result "1/2-1/2"]
[WhiteElo "2316"]
[BlackElo "2236"]
[PlyCount "39"]
[EventDate "2003.??.??"]

1. e4 c6 2. d4 d5 3. exd5 cxd5 4. Bd3 g6 5. Bf4 Qb6 6. Nc3 Nf6 7. Nb5 Na6 8.
Qe2 Be6 9. Nf3 Nh5 10. Bd2 Bg7 11. O-O Bg4 12. h3 Bxf3 13. Qxf3 e6 14. a4 O-O
15. Ra3 Rfc8 16. Rb3 Qd8 17. Re1 Nb8 18. Bb4 Nc6 19. Ba3 Qa5 20. Rd1 1/2-1/2

[Event "20. Int. Boeblinger Open"]
[Site "Boeblingen"]
[Date "2003.12.28"]
[Round "5"]
[White "Wohlfahrt, Rainer"]
[Black "Grooten, Herman"]
[Result "0-1"]
[WhiteElo "2127"]
[BlackElo "2390"]
[PlyCount "54"]
[EventDate "2003.??.??"]

1. d4 Nf6 2. Nc3 c5 3. d5 e6 4. e4 exd5 5. e5 Qe7 6. Qe2 Ne4 7. Nxd5 Qxe5 8.
Nc3 d5 9. f3 f5 10. fxe4 fxe4 11. Nf3 Qf5 12. Nh4 Qf7 13. Qf2 Qxf2+ 14. Kxf2
Be7 15. Bb5+ Nc6 16. g3 O-O+ 17. Ke1 Nd4 18. Ba4 Be6 19. Ne2 g5 20. Nxd4 cxd4
21. c3 dxc3 22. Ng2 cxb2 23. Bxb2 Bb4+ 24. Ke2 Bg4+ 25. Ke3 Bc5+ 26. Kd2 Rf2+
27. Kc3 Rc8 0-1

[Event "20. Int. Boeblinger Open"]
[Site "Boeblingen"]
[Date "2003.12.28"]
[Round "5"]
[White "Kloepfer, Markus"]
[Black "Rau, Hannes"]
[Result "0-1"]
[WhiteElo "2163"]
[BlackElo "2372"]
[PlyCount "72"]
[EventDate "2003.??.??"]

1. d4 Nf6 2. c4 e6 3. Nc3 Bb4 4. e3 b6 5. Bd2 Bb7 6. Nf3 O-O 7. Qb3 c5 8. a3
Bxc3 9. Bxc3 cxd4 10. exd4 Bxf3 11. gxf3 d5 12. O-O-O Nc6 13. c5 Qc7 14. Rg1 g6
15. Bb5 Rab8 16. Qa4 Ne7 17. Kb1 Nf5 18. Bb4 a5 19. Bc3 bxc5 20. dxc5 d4 21.
Rxd4 Nd5 22. Rc4 Qb7 23. Bxa5 Qxb5 24. Qxb5 Rxb5 25. Bd2 Rb3 26. Rgc1 Rfb8 27.
R1c2 Rxa3 28. c6 Raa8 29. b4 Nd6 30. c7 Rc8 31. Rc5 Ra7 32. b5 Raxc7 33. Rxc7
Rxc7 34. Rxc7 Nxc7 35. b6 Nd5 36. Ba5 Nb7 0-1

[Event "20. Int. Boeblinger Open"]
[Site "Boeblingen"]
[Date "2003.12.28"]
[Round "5"]
[White "Gheng, Josef"]
[Black "Messner, Harry"]
[Result "0-1"]
[WhiteElo "2367"]
[BlackElo "2160"]
[PlyCount "42"]
[EventDate "2003.??.??"]

1. e4 c6 2. d4 d5 3. Nc3 dxe4 4. Nxe4 Bf5 5. Ng3 Bg6 6. N1e2 e6 7. Nf4 Bd6 8.
h4 Qc7 9. h5 Bxc2 10. Qxc2 Bxf4 11. Bxf4 Qxf4 12. Qb3 Nd7 13. Qxb7 Rb8 14. Qxc6
Rxb2 15. Qc8+ Ke7 16. Be2 Qd2+ 17. Kf1 Rc2 18. Qxc2 Qxc2 19. d5 Ngf6 20. dxe6
fxe6 21. Rh4 Rb8 0-1

[Event "20. Int. Boeblinger Open"]
[Site "Boeblingen"]
[Date "2003.12.28"]
[Round "5"]
[White "Hammes, Michael"]
[Black "Weise, Martin"]
[Result "1-0"]
[WhiteElo "2349"]
[BlackElo "2162"]
[PlyCount "47"]
[EventDate "2003.??.??"]

1. d4 Nf6 2. c4 Nc6 3. Nf3 e6 4. Nc3 Bb4 5. Qc2 O-O 6. e4 d5 7. e5 Ne4 8. Bd3
f6 9. Bxe4 dxe4 10. Qxe4 fxe5 11. dxe5 Rf5 12. Bd2 Qf8 13. a3 Be7 14. O-O Bd7
15. Nb5 Rc8 16. b4 a6 17. Nbd4 Rf7 18. c5 Rd8 19. Rad1 Nxd4 20. Nxd4 Qe8 21.
Be3 Ba4 22. Rd2 Bf8 23. Qxb7 Rd5 24. Qxa6 1-0

[Event "20. Int. Boeblinger Open"]
[Site "Boeblingen"]
[Date "2003.12.28"]
[Round "5"]
[White "Dergatschova-Daus, Anna"]
[Black "Lankenau, Axel"]
[Result "0-1"]
[WhiteElo "2296"]
[BlackElo "2145"]
[PlyCount "84"]
[EventDate "2003.??.??"]

1. d4 d5 2. c4 e6 3. Nc3 c5 4. e3 Nf6 5. Nf3 Nc6 6. a3 a6 7. dxc5 Bxc5 8. b4
Bb6 9. Na4 Bc7 10. Bb2 O-O 11. cxd5 exd5 12. Be2 Re8 13. O-O Ne4 14. Nc5 Qd6
15. Nxe4 Rxe4 16. g3 Bh3 17. Re1 h6 18. Qd2 Rd8 19. Rac1 Bb6 20. b5 axb5 21.
Bxb5 d4 22. exd4 Rxe1+ 23. Rxe1 Ba5 24. Bc3 Qxa3 25. Bxa5 Qxf3 26. Bf1 Bxf1 27.
Rxf1 Rxd4 28. Qb2 Rd3 29. Bc7 Nd4 30. h3 Qc6 31. Qb6 Qe4 32. Ra1 Nf3+ 33. Kf1
Nd2+ 34. Kg1 Nf3+ 35. Kf1 Nd2+ 36. Kg1 Rb3 37. Qc5 Rb1+ 38. Rxb1 Qxb1+ 39. Kh2
Nf3+ 40. Kg2 Ne1+ 41. Kh2 Qe4 42. f3 Qe2+ 0-1

[Event "20. Int. Boeblinger Open"]
[Site "Boeblingen"]
[Date "2003.12.28"]
[Round "5"]
[White "Knitl, Anton"]
[Black "Kabisch, Thilo"]
[Result "0-1"]
[WhiteElo "2141"]
[BlackElo "2274"]
[PlyCount "60"]
[EventDate "2003.??.??"]

1. e4 e5 2. Bc4 Nf6 3. Nc3 Bc5 4. d3 d6 5. f4 Ng4 6. f5 h5 7. Nh3 c6 8. Qf3 b5
9. Nxb5 d5 10. exd5 cxb5 11. Bxb5+ Bd7 12. Bc4 Na6 13. c3 Nc7 14. d6 Bxd6 15.
Ng5 O-O 16. h3 Nf6 17. g4 e4 18. dxe4 Bc6 19. Bf4 Bxf4 20. Qxf4 Nxe4 21. Nxf7
Rxf7 22. Bxf7+ Kxf7 23. O-O hxg4 24. Rad1 Qe7 25. Qxg4 Ng5 26. Qc4+ Nd5 27.
Qxc6 Qe3+ 28. Kg2 Qxh3+ 29. Kf2 Ne4+ 30. Ke2 Qe3# 0-1

[Event "20. Int. Boeblinger Open"]
[Site "Boeblingen"]
[Date "2003.12.28"]
[Round "5"]
[White "Wuest, Michael"]
[Black "Hottes, Dieter"]
[Result "1-0"]
[WhiteElo "2124"]
[BlackElo "2214"]
[PlyCount "79"]
[EventDate "2003.??.??"]

1. d4 e6 2. c4 c5 3. d5 exd5 4. cxd5 d6 5. Nc3 g6 6. e4 a6 7. a4 Bg7 8. Bd3 Nf6
9. h3 O-O 10. Nge2 Nbd7 11. O-O Rb8 12. a5 Qc7 13. Ng3 c4 14. Bc2 b5 15. axb6
Rxb6 16. Kh1 Nc5 17. f4 Nfd7 18. e5 dxe5 19. f5 Nf6 20. fxg6 hxg6 21. Bg5 Nh7
22. Be3 f5 23. Bxc5 Qxc5 24. Na4 Qd6 25. Nxb6 Qxb6 26. Qe2 Qc5 27. Rfd1 e4 28.
Ra4 Qd6 29. Nf1 Bd7 30. Ra2 Rb8 31. Ne3 Bb5 32. Nxc4 Qc5 33. b3 Rd8 34. d6 Nf6
35. Qd2 Kh7 36. Qa5 Rd7 37. Qb6 Qb4 38. Ne5 Nd5 39. Rxd5 Qe1+ 40. Qg1 1-0

[Event "20. Int. Boeblinger Open"]
[Site "Boeblingen"]
[Date "2003.12.29"]
[Round "6"]
[White "Luther, Thomas"]
[Black "Baklan, Vladimir"]
[Result "1/2-1/2"]
[WhiteElo "2580"]
[BlackElo "2600"]
[PlyCount "50"]
[EventDate "2003.??.??"]

1. e4 e6 2. d4 d5 3. Nc3 Nf6 4. e5 Nfd7 5. f4 c5 6. Nf3 Nc6 7. Be3 a6 8. Qd2 b5
9. dxc5 Bxc5 10. Bxc5 Nxc5 11. Qf2 Qb6 12. b4 Nd7 13. Qxb6 Nxb6 14. a4 Nxb4 15.
Nd4 Bd7 16. axb5 axb5 17. Rxa8+ Nxa8 18. Bxb5 Nc7 19. Kd2 Bxb5 20. Rb1 Nba6 21.
Ncxb5 Kd7 22. Nxc7 Kxc7 23. Nb5+ Kc6 24. Nd4+ Kc7 25. Nb5+ Kc6 1/2-1/2

[Event "20. Int. Boeblinger Open"]
[Site "Boeblingen"]
[Date "2003.12.29"]
[Round "6"]
[White "Ovsejevitsch, Sergei"]
[Black "Korneev, Oleg"]
[Result "1/2-1/2"]
[WhiteElo "2510"]
[BlackElo "2559"]
[PlyCount "26"]
[EventDate "2003.??.??"]

1. d4 d5 2. c4 e6 3. Nc3 c6 4. Nf3 Nf6 5. cxd5 exd5 6. Bg5 Be7 7. Qc2 g6 8. e3
Bf5 9. Bd3 Bxd3 10. Qxd3 Nbd7 11. Bh6 Bf8 12. Bf4 Be7 13. Bh6 Bf8 1/2-1/2

[Event "20. Int. Boeblinger Open"]
[Site "Boeblingen"]
[Date "2003.12.29"]
[Round "6"]
[White "Wippermann, Till"]
[Black "Hoffmann, Michael"]
[Result "1-0"]
[WhiteElo "2353"]
[BlackElo "2430"]
[PlyCount "45"]
[EventDate "2003.??.??"]

1. e4 c5 2. Nc3 Nc6 3. f4 g6 4. Nf3 Bg7 5. Bb5 Nd4 6. O-O Nxb5 7. Nxb5 d5 8.
exd5 a6 9. Nc3 Nf6 10. d4 Nxd5 11. dxc5 Nxc3 12. Qxd8+ Kxd8 13. bxc3 Bxc3 14.
Rb1 Kc7 15. Rb3 Bf6 16. Bd2 Be6 17. Ba5+ Kc6 18. Rb6+ Kxc5 19. Nd2 Bd5 20. c4
Bc6 21. Nb3+ Kd6 22. Rd1+ Ke6 23. g4 1-0

[Event "20. Int. Boeblinger Open"]
[Site "Boeblingen"]
[Date "2003.12.29"]
[Round "6"]
[White "Zaitsev, Mikhail"]
[Black "Schuurman, Petra"]
[Result "1-0"]
[WhiteElo "2467"]
[BlackElo "2263"]
[PlyCount "79"]
[EventDate "2003.??.??"]

1. e4 c6 2. d4 d5 3. exd5 cxd5 4. c4 Nf6 5. Nc3 g6 6. cxd5 Bg7 7. Qb3 O-O 8.
Be2 Na6 9. Bf3 Qb6 10. Qxb6 axb6 11. Nge2 Nb4 12. O-O Rd8 13. d6 Rxd6 14. Bf4
Rd7 15. Rfd1 h6 16. h4 Nbd5 17. Bg3 g5 18. hxg5 hxg5 19. Rac1 Rd8 20. a3 Be6
21. Nb5 Rd7 22. Nec3 Nxc3 23. Nxc3 Bg4 24. Bxg4 Nxg4 25. Ne2 Ra5 26. Bc7 Rad5
27. Re1 Rxd4 28. Nxd4 Bxd4 29. Re2 e5 30. a4 Rd5 31. b4 f6 32. Rd2 Kf7 33. Bxb6
Bxb6 34. Rxd5 Bxf2+ 35. Kf1 Ne3+ 36. Kxf2 Nxd5 37. b5 Ke6 38. a5 Kd6 39. a6
bxa6 40. bxa6 1-0